Analytic geometry
Đã lưu trong:
| Príomhúdar: | |
|---|---|
| Formáid: | Leabhar |
| Teanga: | Undetermined |
| Foilsithe: |
New York
D.C. Heath and Company
1937
|
| Ábhair: | |
| Clibeanna: |
Cuir Clib Leis
Gan Chlibeanna, Bí ar an gcéad duine leis an taifead seo a chlibeáil!
|
| Thư viện lưu trữ: | Trung tâm Học liệu Trường Đại học Cần Thơ |
|---|
| LEADER | 00477nam a2200169Ia 4500 | ||
|---|---|---|---|
| 001 | CTU_78995 | ||
| 008 | 210402s9999 xx 000 0 und d | ||
| 082 | |a 516.3 | ||
| 082 | |b W746 | ||
| 100 | |a Wilson, W. A. | ||
| 245 | 0 | |a Analytic geometry | |
| 245 | 0 | |c W. A. Wilson, PH.D., J. A. Tracey. PH.D. | |
| 260 | |a New York | ||
| 260 | |b D.C. Heath and Company | ||
| 260 | |c 1937 | ||
| 650 | |a Geometry,Geometry, analytic | ||
| 980 | |a Trung tâm Học liệu Trường Đại học Cần Thơ | ||